000 00448nam a2200145Ia 4500
003 OSt
005 20260119153457.0
008 211028s2013 xx 000 0 und d
040 _cAIMIT LIBRARY
041 _aeng
100 _aMathew, Thomas; Dias, Beena.
_g1116168
_97107
245 _aIdentifying the future for BMW in Mangalore and how to qualify/ Nurture the potential customers /
260 _aMangalore
_bBeena Dias
_c2013
942 _2ddc
_cPRO
999 _c218677
_d218677